000 00670nam a2200241Ia 4500
003 OSt
005 20220918222313.0
006 a|||||r|||| 00| 0
007 ta
008 220917b |||||||| |||| 00| 0 eng d
024 _a216,379
037 _cTextual
040 _aARTS
_cARTS
_beng
041 _2eng
_aeng
082 _aO111,3wL65, P3(TTV)
100 _aStott Anne
_9142755
245 0 _aHannah More
_b the first victorian
260 _aNew York
_bOxford University press USA
_c2003
300 _axxi,384p.
_ccm.
650 _aENGLISH LITERATURE
942 _hO111,3wL65, P3(TTV)
_cTEXL
_2CC
999 _c275120
_d275120